Film Quiz - Statistics

General Stats
  • This quiz has been taken 10 times
  • The average score is 7 of 16
Answer Stats
Hint Answer % Correct
Pulp Fiction Quentin Tarantino
89%
Notorious Alfred Hitchcock
78%
The Godfather Francis Coppola
78%
Citizen Kane Orson Welles
78%
Persona Ingmar Bergman
67%
Rashomon Akira Kurosawa
56%
Singing in the Rain Donen and Kelly
56%
On the Waterfront Elia Kazan
33%
La Strada Federico Fellini
33%
Shoot the Piano Player Francois Truffaut
22%
Bicycle Thief Vittorio de Sica
22%
Bonnie and Clyde Arthur Penn
11%
Ugetsu Kenji Mizoguchi
11%
Meshes of the Afternoon Maya Deren
11%
Pather Panchali Satyajit Ray
11%
My Beautiful Laundrette Stephen Frears
11%
No matching quizzes found
Score Distribution
Percent of People with Each Score
Percentile by Number Answered
Your Score History
You have not taken this quiz